| 000 | 02249nam a22002537a 4500 | ||
|---|---|---|---|
| 003 | OSt | ||
| 005 | 20241021210243.0 | ||
| 008 | 241021b |||||||| |||| 00| 0 eng d | ||
| 020 | _a9786280150932 | ||
| 040 |
_aCO-UdeC _besp _cCO-UdeC _dCO-UdeC |
||
| 082 | 0 | 4 |
_a340 _bM798 |
| 100 | 1 |
_aMontoya Gutiérrez, Jhon Byron _92738 |
|
| 245 | 1 | 3 |
_aLa sociología jurídica: Encuentro contextual, Epistemológico y Metodológico, para la formación del profesional en Derecho / _cJhon Byron Montoya Gutiérrez. |
| 260 | 3 |
_aMedellín : _bUniversidad Nacional de Colombia, _c2024. |
|
| 300 |
_a475 p. ; _c24 cm. |
||
| 504 | _aIncluye bibliografía. | ||
| 505 | 0 | _aBreve contextualización social y política. Pertinencia de la sociología jurídica -- Bases teóricas y epistemológicas: paradigmas, corrientes y escuelas de pensamiento -- Lo educativo: contextos y requerimientos para la educación superior -- Lo metodológico: diseño curricular por competencias -- Contenidos y desarrollo teórico de los núcleos temáticos del currículo de sociología jurídica -- Metodología y evaluación. | |
| 520 | 8 | _aEl presente texto de Sociología Jurídica, recoge metodológicamente el diseño por competencias académicas y profesionales, la necesaria explicitación de los contextos que fundamentan y comprometen el curso, las competencias a potenciar en los procesos de enseñanza y aprendizaje bajo la integración de los saberes (saber, saber-hacer, y ser), el objeto de estudio del Derecho entendido como una construcción sociocultural, que devela paradigmas epistemológicos, el tipo de hombre y profesional que se busca formar, el tipo de sociedad que se debe fortalecer, los núcleos temáticos más importantes, los modelos pedagógicos que guían los procesos de enseñanza y de aprendizaje, la evaluación como un proceso formativo y los resultados del aprendizaje, todo ello con el propósito de facilitar la creación de propuestas educativas innovadoras en el mundo del Derecho, con calidad académica y pertinencia social. [Tomado de contraportada] | |
| 650 | 0 | 4 |
_aSociología jurídica _92739 |
| 650 | 0 | 4 |
_aProfesional en Derecho _92741 |
| 650 | 0 | 4 |
_aFormación académica _92740 |
| 650 | 0 | 4 |
_aDerecho _95 |
| 942 |
_2ddc _cBK _h340 M798 _n0 |
||
| 999 |
_c1922 _d1922 |
||